000 00404nam a2200145 a 4500
001 000034625
005 20200930073814.0
008 111010s19-- dr 000 0 spa d
040 _aDO-SdBNP
_bspa
_cBNPHU
082 _axxxx
_bI46f
100 1 _aIngenieros, José,
_d1877-1925
_916601
245 1 3 _aLa fuerzas morales /
_cJosé Ingeniero.
260 _c[s. l.
_bs. n.,
_c19--?].
300 _a111 p. ;
_c22 cm.
999 _c34116
_d34116